TICs en la PYMES de Centroamérica: impacto de la adopción de las tecnologías de la información y la comunicación en el desempeño de las empresas (Registro nro. 890)
[ vista simple ]
| 000 -CABECERA | |
|---|---|
| campo de control de longitud fija | 00980ata a2200289 4500 |
| 005 - FECHA Y HORA DE ACTUALIZACIÓN | |
| campo de control | 20200924133647.0 |
| 008 - LONGITUD FIJA | |
| campo de control de longitud fija | 151006b xxu||||| |||| 00| 0 spa d |
| 041 ## - IDIOMA | |
| Código de idioma del texto/pista de sonido o título separado | |
| 082 ## - CLASIFICACIÓN DECIMAL DEWEY | |
| Número de clasificación | 658.022 M743t |
| 100 ## - AUTOR PERSONAL | |
| Nombre de persona | Monge González, Ricardo |
| 100 ## - AUTOR PERSONAL | |
| Nombre de persona | Alfaro Azofeifa,Cindy |
| 100 ## - AUTOR PERSONAL | |
| Nombre de persona | Alfaro Chamberiain,Jose |
| 245 ## - TÍTULO PROPIAMENTE DICHO | |
| Título | TICs en la PYMES de Centroamérica: impacto de la adopción de las tecnologías de la información y la comunicación en el desempeño de las empresas |
| 260 ## - PIE DE IMPRENTA | |
| Lugar de publicación, distribución, etc. | Costa Rica |
| Nombre del editor, distribuidor, etc. | Tecnológica de Costa Rica |
| Fecha de publicación, distribución, etc. | 2005 |
| 300 ## - DESCRIPCIÓN FÍSICA | |
| Extensión | 270 páginas |
| 650 ## - Materia General | |
| Materia general | PEQUEÑA EMPRESA |
| 650 ## - Materia General | |
| Materia general | MEDIANA EMPRESA |
| 650 ## - Materia General | |
| Materia general | PYMES |
| 650 ## - Materia General | |
| Materia general | INFORMACIÓN |
| 650 ## - Materia General | |
| Materia general | COMUNICACIÓN EN LA EMPRESA |
| 650 ## - Materia General | |
| Materia general | TECNOLOGIAS DE INFORMACIÓN |
| 650 ## - Materia General | |
| Materia general | INTERNET |
| 650 ## - Materia General | |
| Materia general | AUTOMATIZACIÓN |
| 650 ## - Materia General | |
| Materia general | PRODUCTIVIDAD |
| 650 ## - Materia General | |
| Materia general | COMPETITIVIDAD |
| 942 ## - Punto de Acceso Adicional Koha | |
| Tipo de ítem Koha | Libro |
| Estado perdido | Estado dañado | No para préstamo | Biblioteca permanente | Biblioteca actual | Signatura completa | Código de barras | Precio efectivo a partir del | Tipo de ítem |
|---|---|---|---|---|---|---|---|---|
| Departamento de Biblioteca y Documentación Alfonso Chase Brenes | Departamento de Biblioteca y Documentación Alfonso Chase Brenes | 658.022 M743t | 19675 | 21/04/2016 | Libro | |||
| Departamento de Biblioteca y Documentación Alfonso Chase Brenes | Departamento de Biblioteca y Documentación Alfonso Chase Brenes | 658.022 M743t | 19676 | 21/04/2016 | Libro | |||
| Departamento de Biblioteca y Documentación Alfonso Chase Brenes | Departamento de Biblioteca y Documentación Alfonso Chase Brenes | 658.022 M743t | 6826 | 21/04/2016 | Libro |